World Cities by Letter P - Picture Quiz - Statistics

General Stats
  • This quiz has been taken 156 times
  • The average score is 6 of 18
Answer Stats
Picture Answer % Correct
Pisa
98%
Paris
91%
Prague
63%
Pyongyang
55%
Philadelphia
41%
Perth
36%
Portland
36%
Porto
28%
Plymouth
27%
Panama City
21%
Pretoria
17%
Phnom Penh
11%
Palermo
9%
Plovdiv
9%
Port Elizabet
8%
Porto Alegre
8%
Port Moresby
7%
Podgorica
4%
No matching quizzes found
Score Distribution
Percent of People with Each Score
Percentile by Number Answered
Your Score History
You have not taken this quiz